Marketing management Strategies and programs

Na minha lista:
Detalhes bibliográficos
Autor principal: Guiltinan, Joseph P.
Outros Autores: Paul, Gordon W.
Formato: Livro
Idioma:inglês
Publicado em: New York MacGraw-Hill 1991
Edição:4. ed.
Assuntos:
Tags: Adicionar Tag
Sem tags, seja o primeiro a adicionar uma tag!

MARC

LEADER 00000nam a2200000 4500
001 c001070
005 20221214102143.4
020 |a 0-07-048942-4 
041 0 |a eng 
044 |a US 
245 1 0 |a Marketing management  |b Strategies and programs  |c Joseph P. Guiltinan, Gordon W. Paul 
250 |a 4. ed. 
264 1 |a New York  |b MacGraw-Hill  |c 1991 
300 |a 449 s. 
610 2 0 |a marketing 
610 2 0 |a manažment 
610 2 0 |a stratégia podniková 
610 2 0 |a plánovanie podnikové 
610 2 0 |a analýza trhu 
610 2 0 |a konkurencia 
610 2 0 |a vývoj výrobku 
610 2 0 |a tvorba cien 
610 2 0 |a reklama 
610 2 0 |a distribúcia 
610 2 0 |a predaj 
100 1 |a Guiltinan, Joseph P. 
700 1 |a Paul, Gordon W.